Whig National Conventions - Statistics

General Stats
  • This quiz has been taken 12 times
  • The average score is 7 of 9
Answer Stats
Election Year Answer Vice Presidential Candidate Result Place % Correct
1856 Millard Fillmore Andrew J.Donelson Lost 3rd
100%
1836 William Henry Harrison Francis Granger Lost 2nd
100%
1840 William Henry Harrison John Tyler Won 1st
100%
1848 Zachary Taylor Millard Fillmore Won 1st
90%
1836 Daniel Webster Francis Granger Lost 4th
70%
1844 Henry Clay Theodore Frelinghuysen Lost 2nd
70%
1852 Winfield Scott William A. Graham Lost 2nd
60%
1836 Willie P. Mangum John Tyler Lost 5th
50%
1836 Hugh L. White John Tyler Lost 3rd
40%
No matching quizzes found
Score Distribution
Percent of People with Each Score
Percentile by Number Answered
Your Score History
You have not taken this quiz